Interný recruitment a politika nástupníctva diplomová práca

Saved in:
Bibliographic Details
Main Author: Šabo, Martin
Corporate Author: Národohospodárska fakulta EU. Katedra poisťovníctva
Other Authors: Drugdová, Barbora
Format: Book
Language:Slovak
Published: Bratislava 2008
Tags: Add Tag
No Tags, Be the first to tag this record!

MARC

LEADER 00000nam$a2200000$$$4500
001 0077187
005 20240201115346.3
041 0 |a slo 
044 |a SK 
245 1 0 |a Interný recruitment a politika nástupníctva  |b diplomová práca  |c Martin Šabo ; škol. Barbora Drugdová 
264 1 |a Bratislava  |c 2008 
300 |a 68 s. 
100 1 |a Šabo, Martin 
700 1 |a Drugdová, Barbora 
710 2 |a Národohospodárska fakulta EU. Katedra poisťovníctva